| 000 | 00000nas##2200000za#4500 |
|---|---|
| 001 | 9.507560 |
| 003 | CaOODSP |
| 005 | 20240215150447 |
| 007 | cr ||||||||||| |
| 008 | 150406c2007||||xxc|| p o||||f| |0eng|d |
| 040 | |aCaOODSP|beng |
| 043 | |an-cn--- |
| 086 | 1 |aPS81-10E-PDF |
| 110 | 2 |aCorrectional Service Canada. |
| 245 | 10|aStrategic plan for human resource management |h[electronic resource] |
| 260 | |aOttawa - Ontario : |bCorrectional Service Canada |
| 310 | |aIrregular |
| 362 | 1 |a[2007-08 to 2009-10]-- |
| 775 | 08|tPlan stratégique pour la gestion des ressources humaines |w(CaOODSP)9.503948 |